| 000 | 00547nam a2200169 a 4500 | ||
|---|---|---|---|
| 005 | 20140412111306.0 | ||
| 008 | 010430s19uu xx 00 eng d | ||
| 020 | _a0-233-98225-6 | ||
| 050 |
_aTR(PS E _bRa14 1988 |
||
| 100 | _aStone, Sushiela | ||
| 245 |
_aRamu and the tiger / _ctold by Sushiela Stone; illustrated by Mike Horl ; editor Jennie Ingham. |
||
| 260 |
_aLondon : _bAdre Deutsch with Jennie Ingham Associates Ltd, _c1988. |
||
| 300 | _a1v. (unp.) ; ill. | ||
| 650 | _aTiger-Stories | ||
| 650 | _aFolktales, India | ||
| 999 |
_c103670 _d103670 |
||